000 01167nam0a2200349 i 4500
001 RU\NLR\BIBL_A\010298769
005 20240725025345.0
010 _a9785912825675
_bЛеда
_912000
021 _aRU
_b2014-5160
_9313
035 _a(NILC)RuMoRGB-006736549
035 _a(NLR Aleph) 010298769
090 _a10582689
_c10582689
100 _a20140326d2013 bm y0rusy50 ca
101 0 _arus
102 _aRU
105 _aa|||z|||000gy
200 1 _aВеселые стишки
_e[для чтения взрослыми детям дошкольного возраста
_fЕ. С. Аксаментова]
210 _aСмоленск
_cЛеда
_d2013
215 _a[9] с.
_cцв. ил.
_d14
225 1 _aРадуга
300 _aАвт. указан перед вып. дан.
309 _aБез тит. л. Описано по обл.
333 _a0+
686 0 _aШ9(2)60=Р7-5
700 1 _aАксаментова
_bЕ. С
801 0 _aRU
_bРГБ
_c20140210
_gRCR
801 1 _aRU
_bРГБ
_c20140210
_2rusmarc
942 _cBOOK
980 _aNBR